000 00608nam a22002177a 4500
003 UA-OsUOA
001 106172
007 ta
008 20140505b un ||||| |||| 00| 0 ukr d
100 _aКозенко А.
090 _a330(477)
_bК59
942 _cSA
040 _aUA-OsUOA
_bukr
_cUA-OsUOA
_dUA-OsUOA
245 _aСучасний стан бюджетної децентралізації України
300 _aС.37-39
955 _a0
041 _aukr
080 _a330(477)
773 0 _w106171
_tЕкономіст
_dК.
_d2014
_g3
650 7 _a330 Економіка взагалі
_2UDC
999 _c392303
_d392303